Statistics for Top 50 Northernmost Countries - In Order

Click here to take the quiz!

General Stats

  • This quiz has been taken 34 times
  • The average score is 40 of 49

Answer Stats

LatitudeCountry% Correct
83°06′NCCanada
100%
70°05′NFFinland
100%
80°49′NNNorway
100%
81°51′NRRussia
100%
59°48′NEEstonia
97%
67°08′NIIceland
97%
58°05′NLLatvia
97%
56°27′NLLithuania
97%
69°04′NSSweden
97%
60°51′NUUnited Kingdom
97%
71°23′NUUnited States
97%
56°08′NBBelarus
94%
55°03′NGGermany
94%
54°50′NPPoland
94%
51°30′NBBelgium
88%
53°32′NNNetherlands
88%
53°34′NCChina
85%
55°26′NIIreland
85%
55°43′NKKazakhstan
85%
51°05′NFFrance
82%
52°09′NMMongolia
82%
49°01′NAAustria
79%
51°02′NCCzech Republic
79%
48°35′NHHungary
79%
45°31′NJJapan
79%
43°16′NKKyrgyzstan
79%
50°11′NLLuxembourg
79%
48°15′NRRomania
79%
46°52′NSSlovenia
79%
52°22′NUUkraine
79%
45°36′NUUzbekistan
79%
46°33′NCCroatia
76%
47°05′NIItaly
76%
48°28′NMMoldova
76%
43°00′NNNorth Korea
76%
49°36′NSSlovakia
76%
47°48′NSSwitzerland
76%
45°16′NBBosnia and Herzegovina
73%
44°13′NBBulgaria
73%
43°14′NKKosovo
73%
47°14′NLLiechtenstein
73%
43°32′NMMontenegro
73%
46°11′NSSerbia
73%
42°50′NTTurkmenistan
73%
43°35′NGGeorgia
70%
43°45′NMMonaco
70%
43°59′NSSpain
67%
43°59′NSSan Marino
64%
42°39′NAAndorra
58%

Score Distribution

Percentile by Number Answered

Percent of People with Each Score

Your Score History

You have not taken this quiz